书目信息 |
| 题名: |
道家二十讲
|
|
| 作者: | 梁启超 , 胡朴安 著 ;黄河 选编 | |
| 分册: | ||
| 出版信息: | 北京 华夏出版社 2008.01 |
|
| 页数: | 235页 | |
| 开本: | 23cm | |
| 丛书名: | 伟大传统 | |
| 单 册: | ||
| 中图分类: | B223-53 | |
| 科图分类: | ||
| 主题词: | 道家--dao jia--研究--文集 | |
| 电子资源: | ||
| ISBN: | 978-7-5080-4408-8 | |
| 000 | 00974nam 2200277 450 | |
| 001 | 012008643369 | |
| 005 | 20080616084817.88 | |
| 010 | @a978-7-5080-4408-8@dCNY25.00 | |
| 100 | @a20080616d2008 em y0chiy0120 ea | |
| 101 | 0 | @achi |
| 102 | @aCN@b110000 | |
| 105 | @ay z 000yy | |
| 106 | @ar | |
| 200 | 1 | @a道家二十讲@Adao jia er shi jiang@f梁启超, 胡朴安等著@Fliang qi chao,hu pu an deng zhu@g黄河选编@Ghuang he xuan bian |
| 210 | @a北京@c华夏出版社@d2008.01 | |
| 215 | @a235页@d23cm | |
| 225 | 2 | @a伟大传统@Awei da chuan tong |
| 330 | @a本书共二十讲,内容包括:从“知不可而为”到“无为无不为”、庄子的入世方法、道家与道教、道家的自觉、道家是个幽默派、历史上的庄子、新道家与玄学等。 | |
| 410 | 0 | @12001 @a伟大传统 |
| 606 | 0 | @a道家@Adao jia@x研究@j文集 |
| 690 | @aB223-53@v4 | |
| 701 | 0 | @a梁启超@Aliang qi chao@4著 |
| 701 | 0 | @a胡朴安@Ahu pu an@4著 |
| 702 | 0 | @a黄河@Ahuang he@4选编 |
| 801 | 0 | @aCN@bQSSK@c20080616 |
| 905 | @b727288-90@dB223-53@eL405@f3 | |
| 道家二十讲/梁启超, 胡朴安等著/黄河选编.-北京:华夏出版社,2008.01 |
| 235页;23cm.-(伟大传统) |
| ISBN 978-7-5080-4408-8:CNY25.00 |
| 本书共二十讲,内容包括:从“知不可而为”到“无为无不为”、庄子的入世方法、道家与道教、道家的自觉、道家是个幽默派、历史上的庄子、新道家与玄学等。 |
| ● |
| 相关链接 |
|
|
|
正题名:道家二十讲
索取号:B223-53/L405
 
预约/预借
| 序号 | 登录号 | 条形码 | 馆藏地/架位号 | 状态 | 备注 |
| 1 | 727288 | 207272887 | 社科库509/509社科库 12排1列4层/ [索取号:B223-53/L405] | 在馆 | |
| 2 | 727289 | 207272896 | 社科库509/509社科库 12排1列4层/ [索取号:B223-53/L405] | 在馆 | |
| 3 | 727290 | 207272903 | 社科库509/509社科库 12排1列4层/ [索取号:B223-53/L405] | 在馆 |